|
|
|
|
| LEADER |
00998nam a2200301 p 4500 |
| 001 |
c000126725 |
| 003 |
CARM |
| 005 |
00000000000000.0 |
| 008 |
770208s1976 it 00010 ita |
| 010 |
|
|
|a 77450722 //r94
|
| 015 |
|
|
|a It76-Dec
|
| 019 |
1 |
|
|a 871698
|5 LACONCORD2021
|
| 020 |
|
|
|c L3000
|
| 035 |
|
|
|a (OCoLC)2796669
|5 LACONCORD2021
|
| 043 |
|
|
|a e-it---
|
| 050 |
0 |
0 |
|a HD8039.I52
|b I84
|
| 100 |
1 |
|
|a Manzini, Giorgio,
|d 1930-
|
| 245 |
1 |
4 |
|a Una vita operaia /
|c Giorgio Manzini.
|
| 260 |
|
|
|a Torino :
|b Einaudi,
|c 1976.
|
| 300 |
|
|
|a 148 p. ;
|c 20 cm.
|
| 490 |
0 |
|
|a Einaudi societa ; 4
|
| 500 |
|
|
|a Series vary.
|
| 650 |
|
0 |
|a Iron and steel workers
|z Italy
|x Case studies.
|
| 650 |
|
0 |
|a Working class
|z Italy
|x Case studies.
|
| 852 |
8 |
|
|b CARM
|h A2:AF33G0
|i A00520
|p 0072033
|f BK
|
| 082 |
0 |
|
|a 331.8816914
|
| 999 |
f |
f |
|i e132ca81-4336-5fdd-8c69-eeac46a1f1fe
|s 57b33c5d-eaef-51f1-bc7d-2b8364bcc3c5
|
| 952 |
f |
f |
|p Can circulate
|a CAVAL
|b CAVAL
|c CAVAL
|d CARM 1 Store
|e A00520
|f A2:AF33G0
|h Other scheme
|i book
|m 0072033
|